00950cam a22002894a 450000100090000000300040000900500170001300800410003001000170007102000280008802000350011603500210015104000180017204200080019005000210019808200150021924501140023426000480034830000250039650400510042165000420047265000290051465000340054365000320057770000260060970000250063511778633OSt20230921121141.0990803s2000 nyu b 001 0 eng  a 99044312  a0807739065 (alk. paper) a0807739057 (pbk. : alk. paper) a(DLC) 99044312 aDLCcDLCdDLC apcc00aLC171b.K62 200000a378bBRO/K00aKnowledge and power in higher education :ba reader /cedited by Richard Harvey Brown and J. Daniel Schubert. aNew York :bTeachers College Press,cc2000. avi, 207 p. ;c24 cm. aIncludes bibliographical references and index. 0aEducation, HigherxPolitical aspects. 0aKnowledge, Sociology of. 0aScientismxPolitical aspects. 0aHigher education and state.1 aBrown, Richard Harvey1 aSchubert, J. Daniel.